000 00550nam a2200217Ia 4500
003 OSt
005 20220928134804.0
006 a|||||r|||| 00| 0
007 ta
008 220927b |||||||| |||| 00| 0 eng d
024 _a98157
037 _cTextual
040 _aSDCL
_cSDCL
_beng
041 _2eng
_aeng
082 _aR3, M4
100 _aComfort Alex
_9488315
245 0 _aReality and Empathy.
260 _aNew York
_b State University of New
_c1984
942 _hR3, M4
_cTEXL
_2CC
999 _c803279
_d803279